000 00248nam a2200097Ia 4500
001 771429
005 20250826165715.0
008 250824s9999 xx 000 0 und d
245 0 _aFITRAT PEDAGOJİSİ
_cHATİCE KÜBRA TONGAR
260 _bHAYY YAYINLARI
999 _c771429
_d771429